<?xml version="1.0" encoding="UTF-8"?>
<record
    xmlns:xsi="http://www.w3.org/2001/XMLSchema-instance"
    xsi:schemaLocation="http://www.loc.gov/MARC21/slim http://www.loc.gov/standards/marcxml/schema/MARC21slim.xsd"
    xmlns="http://www.loc.gov/MARC21/slim">

  <leader>02596nam a2200265 a 4500</leader>
  <controlfield tag="001">000038549</controlfield>
  <controlfield tag="003">DO-SdBNP</controlfield>
  <controlfield tag="005">20240305090729.0</controlfield>
  <controlfield tag="007">ta</controlfield>
  <controlfield tag="008">100203s2008    dr a          000 0 spa d</controlfield>
  <datafield tag="020" ind1=" " ind2=" ">
    <subfield code="a">999343356X</subfield>
  </datafield>
  <datafield tag="040" ind1=" " ind2=" ">
    <subfield code="a">DO-SdBNP</subfield>
    <subfield code="b">spa</subfield>
    <subfield code="c">BNPHU</subfield>
  </datafield>
  <datafield tag="049" ind1=" " ind2=" ">
    <subfield code="a">BNPD</subfield>
  </datafield>
  <datafield tag="082" ind1=" " ind2="4">
    <subfield code="a">972.93</subfield>
    <subfield code="b">F825h, 2008</subfield>
    <subfield code="2">22</subfield>
  </datafield>
  <datafield tag="100" ind1="1" ind2=" ">
    <subfield code="a">Franco, Franklin J.,</subfield>
    <subfield code="d">1936-</subfield>
    <subfield code="9">34417</subfield>
  </datafield>
  <datafield tag="245" ind1="1" ind2="0">
    <subfield code="a">Historia del pueblo dominicano /</subfield>
    <subfield code="c">Franklin Franco Pichardo.</subfield>
  </datafield>
  <datafield tag="250" ind1=" " ind2=" ">
    <subfield code="a">6a ed.</subfield>
  </datafield>
  <datafield tag="260" ind1=" " ind2=" ">
    <subfield code="a">Santo Domingo :</subfield>
    <subfield code="b">Sociedad Editorial Dominicana,</subfield>
    <subfield code="c">2008.</subfield>
  </datafield>
  <datafield tag="300" ind1=" " ind2=" ">
    <subfield code="a">xxxiv, 659 p. :</subfield>
    <subfield code="b">ilustraciones ;</subfield>
    <subfield code="c">26 cm.</subfield>
  </datafield>
  <datafield tag="505" ind1="0" ind2=" ">
    <subfield code="a">Precedentes del encuentro --</subfield>
    <subfield code="t">Del proyecto de Col&#xF3;n a las capitulaciones de Santa Fe --</subfield>
    <subfield code="t">El encuentro de dos mundos --</subfield>
    <subfield code="t">La conquista de la isla espa&#xF1;ola --</subfield>
    <subfield code="t">Se inicia desgracia de Col&#xF3;n --</subfield>
    <subfield code="t">Gobierno del Virrey Diego Col&#xF3;n --</subfield>
    <subfield code="t">Gobierno de los padres Jer&#xF3;nimos --</subfield>
    <subfield code="t">Los problemas religiosos, econ&#xF3;micos y pol&#xED;ticos de la esclavitud y la encomienda de los aborigenes --</subfield>
    <subfield code="t">Regresa al gobierno Diego Col&#xF3;n --</subfield>
    <subfield code="t">Esclavitud y azucar --</subfield>
    <subfield code="t">Gobierno del Obispo Ram&#xED;rez de Fuenleal --</subfield>
    <subfield code="t">Leyes nuevas desatan conflictos. Corsarios inician ataques --</subfield>
    <subfield code="t">El decaimiento econ&#xF3;mico y social en el Siglo XVII --</subfield>
    <subfield code="t">Nueva guerra entre Espa&#xF1;a e Inglaterra desata el corso y la pirater&#xED;a a principios del Siglo XVIII --</subfield>
    <subfield code="t">La situacin econ&#xF3;mica, social y pol&#xED;tica de la colonia francesa --</subfield>
    <subfield code="t">Los conflictos derivados del Tratado de Basilea --</subfield>
    <subfield code="t">Consecuencias pol&#xED;ticas, sociales y econ&#xF3;micas derivadas de la unificaci&#xF3;n de la isla --</subfield>
    <subfield code="t">Del per&#xED;odo de la Espa&#xF1;a Boba --</subfield>
    <subfield code="t">Per&#xED;odo de integraci&#xF3;n con Hait&#xED; --</subfield>
    <subfield code="t">Duarte y las luchas sociales y pol&#xED;ticas por la independencia nacional --</subfield>
    <subfield code="t">La situaci&#xF3;n econ&#xF3;mica y social: 1844-1850 --</subfield>
    <subfield code="t">Lucha entre Pedro Santana y Buenaventura B&#xE1;ez. La anexi&#xF3;n --</subfield>
    <subfield code="t">Hacia la guerra de la restauraci&#xF3;n --</subfield>
    <subfield code="t">Se inicia la Segunda Rep&#xFA;blica --</subfield>
    <subfield code="t">Los gobiernos liberales del partido azul y la situacin econ&#xF3;mica y social -- Hacia la consolidaci&#xF3;n de la hegemon&#xED;a norteamericana --</subfield>
    <subfield code="t">El regimen dictatorial de C&#xE1;ceres --</subfield>
    <subfield code="t">De la monarqu&#xED;a a la intervencin militar norteamericana --</subfield>
    <subfield code="t">La intervenci&#xF3;n militar americana --</subfield>
    <subfield code="t">Gobierno de Horacio V&#xE1;squez --</subfield>
    <subfield code="t">La era de Trujillo --</subfield>
    <subfield code="t">Trujillo y las empresas azucareras --</subfield>
    <subfield code="t">Se inicia la crisis de la dictadura --</subfield>
    <subfield code="t">La invasi&#xF3;n del 14 de junio y sus consecuencias --</subfield>
    <subfield code="t">Gobierno del consejo de Estado --</subfield>
    <subfield code="t">El gobierno del profesor Juan Bosch --</subfield>
    <subfield code="t">El triunvirato.</subfield>
  </datafield>
  <datafield tag="590" ind1=" " ind2=" ">
    <subfield code="a">Inventariado, 2023/BT</subfield>
  </datafield>
  <datafield tag="651" ind1=" " ind2="4">
    <subfield code="a">Rep&#xFA;blica Dominicana</subfield>
    <subfield code="x">Historia</subfield>
    <subfield code="9">170</subfield>
  </datafield>
  <datafield tag="910" ind1=" " ind2=" ">
    <subfield code="a">Validado. Control de calidad MFF</subfield>
  </datafield>
  <datafield tag="942" ind1=" " ind2=" ">
    <subfield code="2">ddc</subfield>
    <subfield code="c">LBS1</subfield>
  </datafield>
  <datafield tag="952" ind1=" " ind2=" ">
    <subfield code="0">0</subfield>
    <subfield code="1">0</subfield>
    <subfield code="2">ddc</subfield>
    <subfield code="5">1</subfield>
    <subfield code="7">0</subfield>
    <subfield code="8">PD</subfield>
    <subfield code="a">BNPHU</subfield>
    <subfield code="b">BNPHU</subfield>
    <subfield code="c">HD</subfield>
    <subfield code="d">2013-04-15</subfield>
    <subfield code="o">BNPHU PD 972.93 F825h, 2008</subfield>
    <subfield code="p">38549-10</subfield>
    <subfield code="r">2020-06-25</subfield>
    <subfield code="w">2020-06-25</subfield>
    <subfield code="y">LBS1</subfield>
  </datafield>
  <datafield tag="952" ind1=" " ind2=" ">
    <subfield code="0">0</subfield>
    <subfield code="1">0</subfield>
    <subfield code="2">ddc</subfield>
    <subfield code="5">1</subfield>
    <subfield code="7">0</subfield>
    <subfield code="8">PD</subfield>
    <subfield code="a">BNPHU</subfield>
    <subfield code="b">BNPHU</subfield>
    <subfield code="c">HD</subfield>
    <subfield code="d">2023-02-03</subfield>
    <subfield code="e">Donaci&#xF3;n</subfield>
    <subfield code="o">BNPHU PD 972.93 F825h, 2008</subfield>
    <subfield code="p">2023-0610</subfield>
    <subfield code="r">2023-02-03</subfield>
    <subfield code="t">e.2</subfield>
    <subfield code="w">2023-02-03</subfield>
    <subfield code="y">LBS1</subfield>
  </datafield>
  <datafield tag="999" ind1=" " ind2=" ">
    <subfield code="c">38039</subfield>
    <subfield code="d">38039</subfield>
  </datafield>
</record>
